| 000 | 00518nam a2200157 i 4500 | ||
|---|---|---|---|
| 001 | 31051 | ||
| 003 | ES-MaACL | ||
| 005 | 20230906154311.0 | ||
| 007 | t| | ||
| 008 | 030128s1931 fr ||||1| fre d | ||
| 100 | 1 |
_aBatuecas, Tomás. _926494 |
|
| 245 | 1 | 0 |
_aRevisión de la masse du litre et du l'icort a la lo loi d'Avogadro du gaz protoxyde d'azote poids atomique du l'azote / _cpar Tomás Batuecas. |
| 260 |
_aParís : _bPresses Universitaires de France, _c1931. |
||
| 300 | _a15 p. | ||
| 852 |
_aES-MaACL _j1823-F-8 |
||
| 999 |
_c31051 _d31051 |
||